| 000 | 00552cam a22002291 4500 | ||
|---|---|---|---|
| 001 | sa 67001421 | ||
| 003 | DLC | ||
| 005 | 20260227112322.0 | ||
| 008 | 940805s1962 ii 000 0 pano | ||
| 010 | _asa 67001421 | ||
| 025 | _aPL480:I-Pu-823 | ||
| 035 | _a(OCoLC)30890893 | ||
| 040 |
_aDLC _cCU _dCU _dDLC |
||
| 042 | _apremarc | ||
| 050 | 0 | 0 |
_aBJ1588.P3 _bS494 |
| 100 | 1 |
_aSingh, Gurbaksh, _d1895- |
|
| 245 | 1 | 0 | _aSwai-pūranatā dī lagana. |
| 260 | _c[1962] | ||
| 300 |
_a170 p. _c18 cm. |
||
| 500 | _aIn Panjabi. | ||
| 650 | 0 | _aCharacter. | |
| 999 |
_c72621 _d72621 |
||